Students Guide to Income Tax (Record no. 3406)

MARC details
000 -LEADER
fixed length control field 00446nam a22001697a 4500
005 - DATE AND TIME OF LATEST TRANSACTION
control field 20180317155441.0
008 - FIXED-LENGTH DATA ELEMENTS--GENERAL INFORMATION
fixed length control field 160621b xxu||||| |||| 00| 0 eng d
020 ## - INTERNATIONAL STANDARD BOOK NUMBER
ISBN 978-81-7194-499-6
041 ## - LANGUAGE CODE
Language code of text/sound track or separate title eng
082 ## - DEWEY DECIMAL CLASSIFICATION NUMBER
Item number 8770
Classification number 346.07
100 ## - MAIN ENTRY--AUTHOR NAME
Personal name Singhania, Dr. Vinod K and Singhania, Dr manisa
245 ## - TITLE STATEMENT
Title Students Guide to Income Tax
260 ## - PUBLICATION, DISTRIBUTION, ETC. (IMPRINT)
Name of publisher Tasemann's
Year of publication 2008
300 ## - PHYSICAL DESCRIPTION
Number of Pages 438.10(para)
650 ## - SUBJECT ADDED ENTRY--TOPICAL TERM
Topical Term Management
942 ## - ADDED ENTRY ELEMENTS (KOHA)
Koha item type Books
Holdings
Lost status Damaged status Collection code Home library Shelving location Date acquired Cost, normal purchase price Full call number Accession Number Koha item type
    LAW JRU Library SHELF-32-F 21/06/2016 425.00 346.07 8770 Books
    LAW JRU Library SHELF-32-F 21/06/2016 425.00 346.07 8771 Books
    LAW JRU Library SHELF-32-E 21/06/2016 425.00 346.07 8772 Books
      JRU Library SHELF-75-N 21/06/2016 425.00 346.07 8773 Books